1205 1814 1866 1913 1511 1278 1990 1736 1551 1215 1991 1009 1401 1263 1597 1890 1836 1242 1014 1540 1993 1989 1795 1565 1526 1345 1692 1315 1795 1196 1242 1194 1790 1780 1593 1328 1137 1566 1040 1278 1912 1082 1979 1697 1976 1166 1979 1296 1798 1572 1395 1975 1216 1465 1672 1823 1366 1187 1303 1118 1776 1497 1645 1522 1869 1834 1994 1797 1349 1466 1005 1605 1195 1717 1676 1777 1119 1206 1065 1207 1822 1199 1850 1024 1258 1219 1781 1636 1616 1473 1187 1743 1522 1072 1676 1523 1321 1312 1719 BCNSPRNW ULIB Ver.6.0+V

เปลี่ยนเป็นภาษาไทย

Change to English
 แสดงรายละเอียดบรรณานุกรม
  กลับหน้าหลัก

Brief Record : Get Marc (ISO 2709) : E-mail record : QR code < ปิดหน้าต่าง
LEADER : 00000nam 2200000uu 4500
001    13399121691
003     ULIB
008    121129s2551||||th 000 0 tha d
020    ^a9789744221194
060 04 ^aWD220^bช642ก 2551
100 0  ^aชูเกียรติ เกียรติขจรกุล
245 10 ^aการดูแลรักษาผู้ป่วยเด็กที่มีปัญหาทางด้านสารน้ำและelectrolyte /^cชูเกียรติ เกียรติขจรกุล
250    ^aฉบับปรับปรุงใหม่
260    ^aกรุงเทพฯ :^bสถาบันสุขภาพเด็กแห่งชาติมหาราชินี กรมการแพทย์กระทรวงสาธารณสุข,^c2551
300    ^a212 หน้า :^bภาพประกอบ ;^c26 ซม.
650  7 ^aสารน้ำในร่างกาย^xในวัยทารกและวัยเด็ก
650  7 ^aสารน้ำในร่างกายผิดปกติ^xในวัยทารกและวัยเด็ก
650  7 ^aการรักษาด้วยสารน้ำ^xในวัยทารกและวัยเด็ก
650  7 ^aอีเล็คโตรลัยท์^xในวัยทารกและวัยเด็ก
650  7 ^aน้ำ-อีเล็คโตรลัยท์ไม่สมดุล^xในวัยทารกและวัยเด็ก
710 2  ^aกรมการแพทย์. ^bสถาบันสุขภาพเด็กแห่งชาติมหาราชนี
945    ^p0^l0^i15619
945    ^p0^l0^i15618
945    ^p0^l0^i15617
945    ^p0^l0^i15869
945    ^p0^l0^i15870
945    ^p0^l0^i15948
945    ^p0^l0^i15949
995    ^aกัณชพร
999 ^a ใช้งานได้ทุกระบบ
รายการนี้ยังไม่มีแท็ก
คุณยังไม่ได้ล็อกอิน คุณสามารถมีกิจกรรมร่วมกับเว็บไซต์ได้ แต่ต้องล็อกอินก่อน ::
  ล็อกอิน

รายการสื่อสารสนเทศ

ลำดับที่ ประเภท เลขเรียก/บาร์โค้ด สถานที่ สถานะ
1. วิทยาศาสตร์การแพทย์ และสุขภาพ
วิทยาศาสตร์การแพทย์ และสุขภาพ
WD220 ช642ก 2551 ฉ.1 
  Barcode: 15617
ห้องสมุดวิทยาเขตสวรรค์ประชารักษ์
►ส่วนจัดเก็บหนังสือเก่า สปร
บนชั้น
  ขอยืม
2. วิทยาศาสตร์การแพทย์ และสุขภาพ
วิทยาศาสตร์การแพทย์ และสุขภาพ
WD220 ช642ก 2551 ฉ.2 
  Barcode: 15618
ห้องสมุดวิทยาเขตสวรรค์ประชารักษ์
►ส่วนจัดเก็บหนังสือเก่า สปร
บนชั้น
  ขอยืม
3. วิทยาศาสตร์การแพทย์ และสุขภาพ
วิทยาศาสตร์การแพทย์ และสุขภาพ
WD220 ช642ก 2551 ฉ.3 
  Barcode: 15619
ห้องสมุดวิทยาเขตสวรรค์ประชารักษ์
►ส่วนจัดเก็บหนังสือเก่า สปร
บนชั้น
  ขอยืม
4. วิทยาศาสตร์การแพทย์ และสุขภาพ
วิทยาศาสตร์การแพทย์ และสุขภาพ
WD220 ช642ก 2551 ฉ.4 
  Barcode: 15869
ห้องสมุดวิทยาเขตสวรรค์ประชารักษ์
►ส่วนจัดเก็บหนังสือเก่า สปร
บนชั้น
  ขอยืม
5. วิทยาศาสตร์การแพทย์ และสุขภาพ
วิทยาศาสตร์การแพทย์ และสุขภาพ
WD220 ช642ก 2551 ฉ.5 
  Barcode: 15870
ห้องสมุดวิทยาเขตสวรรค์ประชารักษ์
►ส่วนจัดเก็บหนังสือเก่า สปร
บนชั้น
  ขอยืม
6. วิทยาศาสตร์การแพทย์ และสุขภาพ
วิทยาศาสตร์การแพทย์ และสุขภาพ
WD220 ช642ก 2551 ฉ.6 
  Barcode: 15948
ห้องสมุดวิทยาเขตสวรรค์ประชารักษ์
►ส่วนจัดเก็บหนังสือเก่า สปร
บนชั้น
  ขอยืม
7. วิทยาศาสตร์การแพทย์ และสุขภาพ
วิทยาศาสตร์การแพทย์ และสุขภาพ
WD220 ช642ก 2551 ฉ.7 
  Barcode: 15949
ห้องสมุดวิทยาเขตสวรรค์ประชารักษ์
►ส่วนจัดเก็บหนังสือเก่า สปร
บนชั้น
  ขอยืม

รายการใกล้เคียง
    ผู้แต่ง [ชูเกียรติ เกียรติขจรกุล]

BibComment


ยังไม่เคยถูกคอมเมนท์

คอมเมนท์ทรัพยากรรายการนี้
  คอมเมนท์: การดูแลรักษาผู้ป..


 Copyright 2026. Bcnsprnw @Library